| 000 | 01929nam a22001937a 4500 | ||
|---|---|---|---|
| 003 | OSt | ||
| 005 | 20210209200816.0 | ||
| 008 | 210209s1995 ck a|||gr|||| 00| 0 spa d | ||
| 040 |
_aCO-JMCR _cCO-JMCR |
||
| 041 | 0 | _aspa | |
| 082 | 0 | 4 |
_a341.73 / _bC873p _220 |
| 100 | 1 |
_a Covo Torres, Javier, _eautor _913214 |
|
| 245 | 1 | 4 |
_a Los países no alineados : _bXI Cumbre, Cartagena, Colombia / _cCovo |
| 260 |
_aBogotá : _bTercer Mundo, _c1995 |
||
| 300 |
_a234 páginas : _btodas ilustraciones ; _c28 cm. |
||
| 505 | _aAfganistan -- Angola -- Arabia Saudita -- Argelia -- Bahamas -- Bahrein -- Bangladesh -- Barbados -- Belice -- Benin -- Bhutan -- Bolivia -- Botswana -- Brunei -- Burkina Faso -- Burundi -- Cabo Verde -- Camboya -- Camerún -- Colombia -- Comoras -- Congo -- Cote D'ivoire -- Cuba -- Chad -- Chile -- Chipre -- Djibouti -- Ecuador -- Egipto -- Emiratos Arabes Unidos -- Eritrea -- Etiopia -- Filipinas -- Gabón -- Gambia -- Ghana -- Granada -- Guatemala -- Guinea -- Guinea Bissau -- Guinea Ecuatorial -- Guyana -- Honduras -- India -- Indonesia -- Iran -- Iraq -- Jamaica -- Jordania -- Kenya -- Kuwait -- Laos -- Lesotho -- Libano -- Liberia -- Libia -- Madagascar -- Malasia -- Malawi -- Maldivas -- Mali -- Malta -- Marruecos -- Mauricio -- Mauritania -- Mongolia -- Mozambique -- Myanmar -- Namibia -- Nepal -- Nicaragua -- Niger -- Nigeria -- Oman -- Panamá -- Pakistan -- Papua Nueva Guinea -- Perú -- Qatar -- República Centroafricana -- República Democrática de Corea -- Rwanda -- Santa Lucía -- Santo Tomé y Principe -- Senegal -- Seychelles -- Sierra Leona -- Singapur -- Siria -- Somalia -- Sri Lanka -- Sudán -- Surinam -- Swazilandia -- Tailandia -- Tanzania -- Togo -- Trinidad y Tobago -- Túnez -- Turkmenistán -- Uganda -- Uzbekistán -- Vanuatu -- Venezuela -- Vietnam -- Yemen -- Yugoslavia -- Zaire -- Zambia -- Zimbabwe | ||
| 651 | 1 | 4 |
_aPaíses no alineados _913215 |
| 942 |
_2ddc _cBK |
||
| 999 |
_c7141 _d7141 |
||